LEADER 01012nam 2200349 450 001 990001024990203316 035 $a0102499 035 $aUSA010102499 035 $a(ALEPH)000102499USA01 035 $a0102499 100 $a20020311d--------km-y0itay0103----ba 101 $aeng 102 $aGB 110 $aayy-------- 200 1 $aEducational courses in Britain$ethe journal for overseas students intending to study in Britain 210 $aLondon$cDominion press 215 $av$d28 cm 326 $aPeriodicitą irregolare 410 $12001 606 0 $aStudenti$xIstruzione$yGran Bretagna$xPeriodici 676 $a371.8 801 0$aIT$bsalbc$gISBD 912 $a990001024990203316 958 $aECO$c2(1982)- 959 $aSE 969 $aECO 979 $aPATTY$b90$c20020311$lUSA01$h1155 979 $aPATTY$b90$c20020321$lUSA01$h1651 979 $c20020403$lUSA01$h1743 979 $aPATRY$b90$c20040406$lUSA01$h1711 996 $aEducational courses in Britain$9977370 997 $aUNISA LEADER 01239nam 2200409 450 001 9910158857003321 005 20230619154118.0 010 $a3-0343-2345-X 010 $a3-0343-2346-8 035 $a(CKB)3710000001010892 035 $a(MiAaPQ)EBC4777118 035 $a(PPN)229189245 035 $a(EXLCZ)993710000001010892 100 $a20170119h20162016 uy 0 101 0 $ager 135 $aurcnu|||||||| 181 $2rdacontent 182 $2rdamedia 183 $2rdacarrier 200 10$aBauen und Erhalten in al-Andalus $eBau- und Restaurierungspraxis in der Moschee-Kathedrale von Co?rdoba /$fFrancine Giese 210 1$aBern, Switzerland :$cPeter Lang,$d2016. 210 4$d©2016 215 $a1 online resource (418 pages) $cillustrations, tables 311 $a3-0343-2344-1 320 $aIncludes bibliographical references. 606 $aArchitecture$zSpain 607 $aCo?rdoba (Spain)$xBuildings, structures, etc 615 0$aArchitecture 676 $a720.946 700 $aGiese$b Francine$01232306 801 0$bMiAaPQ 801 1$bMiAaPQ 801 2$bMiAaPQ 906 $aBOOK 912 $a9910158857003321 996 $aBauen und Erhalten in al-Andalus$92861204 997 $aUNINA